| 000 | 00705nam a2200217Ii 4500 | ||
|---|---|---|---|
| 003 | JO-AjNU | ||
| 008 | 230605s9999||||xx |||||||||||||| ||und|| | ||
| 017 | _a2018/5/2592 | ||
| 040 |
_aJO-AjNU _bara _erda _cJO-AjNU |
||
| 041 | _aara | ||
| 050 | 1 | 4 | _aPJ7862.S2454 2018 |
| 100 | 3 |
_aالسكاكيني، خليل, _eauthor _958711 |
|
| 245 | 0 | 0 | _aسرى |
| 264 | 3 | 1 | _aعمان: وزارة الثقافة، 2018 |
| 300 | _a131ص | ||
| 336 |
_atext _btxt _2rdacontent |
||
| 337 |
_aunmediated _bn _2rdamedia |
||
| 338 |
_avolume _bnc _2rdacarrier |
||
| 490 | 0 | _aمكتبة الاسرة الاردنية/ مهرجان القراءة للجميع، 2018 | |
| 650 | 4 |
_aالرسائل العربية _958712 |
|
| 999 |
_aA26381 _c29949 _d29949 |
||